000
00272nam a2200109Ia 4500
008
190914s9999||||xx |||||||||||||| ||und||
100
_a
Sarwat Sultana Sarwat
245
0
_a
Yehi kuch Main Nay Socha Tha
260
_a
Karachi
_b
Dunyae Adab
_c
2006
300
_a
895
942
_c
BK
999
_c
9939
_d
9939